Statistics for Beauvais–Tillé Airport Destinations (Paris, France)

Click here to take the quiz!

General Stats

  • This quiz has been taken 32 times
  • The average score is 59 of 80

Answer Stats

AirlineDestination% Correct
RyanairMadrid
100%
RyanairWarsaw (Modlin)
100%
RyanairAlicante
95%
RyanairBarcelona
95%
RyanairIbiza
95%
RyanairKrakow
95%
RyanairMalaga
95%
RyanairMarseille
95%
easyJetNice
95%
Wizz AirBucharest (Otopeni)
91%
Air Moldova/HiSkyChisinau
91%
RyanairFaro
91%
easyJet/RyanairLisbon
91%
easyJetMilan (Malpensa)
91%
RyanairPalma de Mallorca
91%
RyanairPorto
91%
RyanairWroclaw
91%
RyanairAgadir
86%
RyanairBari
86%
Wizz AirBelgrade
86%
Ryanair/Wizz AirCluj-Napoca
86%
RyanairFunchal
86%
Ryanair/Wizz AirGdansk
86%
RyanairLanzarote
86%
RyanairPrague
86%
RyanairTenerife (South)
86%
RyanairValencia
86%
RyanairVienna
86%
RyanairBergamo
82%
RyanairBrindisi
82%
RyanairBudapest
82%
Ryanair/Wizz AirIasi
82%
RyanairPalermo
82%
RyanairRome (Fiumicino)
82%
Ryanair/Wizz AirSofia
82%
RyanairZagreb
82%
RyanairBologna
77%
Wizz AirCatania
77%
RyanairDublin
77%
RyanairManchester
77%
RyanairNaples
77%
RyanairPisa
77%
RyanairPoznan
77%
RyanairSeville
77%
Wizz AirSkopje
77%
Wizz AirTirana
77%
Ryanair/Wizz AirVilnius
77%
RyanairBelfast (International)
73%
RyanairCagliari
73%
RyanairFez
73%
Wizz AirLarnaca
73%
RyanairMarrakesh
73%
RyanairPaphos
73%
RyanairRiga
73%
Wizz AirTimisoara
73%
RyanairZaragoza
73%
RyanairMalta
68%
RyanairTangier
68%
RyanairThessaloniki
68%
RyanairTurin
68%
RyanairEdinburgh
64%
RyanairLeeds/Bradford
64%
RyanairNador
64%
RyanairTreviso
64%
RyanairZadar
64%
RyanairAmman (Queen Alia)
59%
Wizz AirCraiova
59%
RyanairGirona
55%
RyanairRabat
55%
RyanairLiverpool
45%
RyanairSantiago de Compostela
45%
RyanairSantander
41%
HiSkyBaia Mare
36%
RyanairFigari
36%
RyanairOujda
36%
RyanairBeziers
32%
RyanairHelsinki
32%
Wizz AirKutaisi
27%
RyanairEilat
23%
Wizz AirSuceava
23%

Score Distribution

Percentile by Number Answered

Percent of People with Each Score

Your Score History

You have not taken this quiz